| 000 | 01861nam2a22002651 4500 | ||
|---|---|---|---|
| 001 | RU\NLR\INFOCOMM55\1000041307 | ||
| 005 | 20250617065658.0 | ||
| 035 | _a(NLR Aleph) 002536131 | ||
| 090 |
_a2892801 _c2892801 |
||
| 100 | _a20040429d1970 |||y0rusy50 ca | ||
| 101 | 0 | _arus | |
| 102 | _aRU | ||
| 105 | _ay ||||||||| | ||
| 200 | 0 | _a[Т.49] | |
| 210 |
_d1970 _aБ. м. |
||
| 225 | 2 |
_a[Труды Ростовского медицинского института] _v[Т.49] _iМеханизмы некоторых патологических процессов _vВып.3 |
|
| 461 | 0 |
_1001RU\NLR\INFOCOMM55\1000105221 _12001#$aТруды Ростовского медицинского института$fМ-во здрав. СССР. Рост. гос. мед. ин-т$v[Т.49] _94370966 _aРостовский на Дону медицинский институт _cРостов н/Д. _d1934- _fМ-во здрав. СССР. Рост. гос. мед. ин-т _tТруды Ростовского медицинского института _v[Т.49] |
|
| 462 | 0 |
_1001RU\NLR\INFOCOMM55\1000041303 _12001#$aМеханизмы некоторых патологических процессов$fМ-во здравоохранения СССР. Рост. гос. мед. ин-т. Центр. науч.-исслед. лаборатория$vВып.3 _92892765 _cРостов н/Д. _d1967- _fМ-во здравоохранения СССР. Рост. гос. мед. ин-т. Центр. науч.-исслед. лаборатория _tТруды Ростовского медицинского института. - Механизмы некоторых патологических процессов _vВып.3 |
|
| 801 | 1 |
_aRU _bInfoComm _c20040429 |
|
| 801 | 0 |
_aRU _bNLR _gPSBO |
|
| 852 |
_aNLR _jП16/254 |
||
| 942 | _cISSUE | ||
| 980 | _aNB | ||
| 980 | _aRUSPER | ||